Dick Clark Filmography - Statistics

General Stats
  • This quiz has been taken 14 times
  • The average score is 5 of 108
Answer Stats
Type Year Name % Correct
TV Show 1973-1988, 2002 Pyramid
67%
TV Show 1990-1991 The Challengers
67%
TV Special 1999-2000 ABC 2000 Today
33%
TV Show 1956-1989 American Bandstand
33%
Film 1960 Because They're Young
33%
TV Special 1972-2004, 2006-2012 Dick Clark's New Year's Rockin' Eve
33%
TV Show 1985 Dick Clark's Nitetime
33%
Commercial 1999 Havoline Motor Oil
33%
Film 1957 Jamboree!
33%
Commercial 1989 Nabisco Shredded Wheat
33%
Commercial 2002 Office Depot
33%
TV Show 1990, 1996 The Fresh Prince of Bel-Air
33%
TV Show 2001 The Other Half
33%
TV Show 2000 Winning Lines
33%
TV Show 1972 Adam-12
0%
TV Film 1995 A Dream Is a Wish Your Heart Makes: The Annette Funicello Story
0%
TV Special 1985 All-Time Great TV Censored Bloopers
0%
TV Special 1981 American Bandstand 30th Anniversary Special
0%
TV Special 1977 American Bandstand's 25th Anniversary
0%
TV Special 1985 American Bandstand's 33 1/3 Celebration
0%
TV Special 1992 American Bandstand's 40th Anniversary Special
0%
TV Special 2002 American Bandstand's 50th Anniversary Celebration
0%
TV Special 1994 American Bandstand's Teen Idol
0%
TV Special 1986 America Votes the #1 Song
0%
TV Show 2001 Arli$$
0%
TV Show 2003 Baby Bob
0%
Commercial 1998 Ballatore Wine
0%
TV Show 1966 Batman
0%
TV Show 1965 Ben Casey
0%
Documentary 2002 Bowling for Columbine
0%
TV Show 1965 Branded
0%
TV Show 1964 Burke's Law
0%
TV Special 1963 Celebrity Party
0%
TV Special 2000 Challenge of the Child Geniuses: Who Is the Smartest Kid in America?
0%
TV Special 1989 Coming Home: A Rockin' Reunion
0%
TV Show 1967 Coronet Blue
0%
Commercial 1988 Dairy Queen
0%
TV Film 1978 Deadman's Curve
0%
TV Show 1994 Friends
0%
TV Show 1999 Futurama
0%
TV Special 1978 Good Old Days Part II
0%
TV Show 1966 Honey West
0%
TV Show 1973 In Concert
0%
TV Show 1982 Inside America
0%
TV Show 1997 It Takes Two
0%
TV Show 2002 Just Shoot Me!
0%
Film 1968 Killers Three
0%
TV Show 1966 Lassie
0%
Documentary 2001 Laughing Out Loud: America's Funniest Comedians
0%
TV Special 1978 Le Disko
0%
TV Special 1985 Live Aid
0%
TV Show 1988 Live! Dick Clark Presents
0%
TV Show 1978 Live Wednesday
0%
TV Show 1995 Mad About You
0%
TV Show 1964 Missing Links
0%
TV Special 1988, 1991-1993 Miss Teen USA
0%
TV Special 1991 Miss Teen USA 1991
0%
TV Special 1991, 1993 Miss Universe
0%
TV Special 1990, 1991 Miss USA
0%
TV Special 1981 More TV's Censored Bloopers
0%
TV Show 1998 Murphy Brown
0%
TV Special 1982 Pac Preview Party
0%
TV Show 1959 Perry Como's Kraft Music Hall
0%
TV Show 1966 Perry Mason
0%
TV Show 1982 Police Squad!
0%
TV Show 1998 Sabrina, the Teenage Witch
0%
TV Show 1983 Salute!
0%
TV Show 1993 Scattergories
0%
TV Special 1980 Sensational Shocking Wonderful Wacky 70's
0%
Music Video 1994 She Drives Me Crazy
0%
TV Short 1978 Sorority '62
0%
Film 2001 Spy Kids
0%
TV Show 1963 Stoney Burke
0%
Music Video 1995 Summer's Comin'
0%
TV Special 1987 Supermodels of the World
0%
TV Film 1977 Telethon
0%
Award Show 1980 The 32nd Annual Primetime Emmy Awards
0%
Award Show 1981 The 8th Annual Daytime Emmy Awards
0%
TV Special 1983 The ABC Saturday Preview Special
0%
TV Show 2001 The Angry Beavers
0%
TV Show 1958, 1959 The Arthur Murray Party
0%
TV Special 1987 The Best of Bandstand: The Superstars
0%
TV Show 1980 The Big Show
0%
TV Show 1977 The Captain and Tennille
0%
TV Show 1967 The Dean Martin Summer Show
0%
TV Show 1958-1960 The Dick Clark Show
0%
TV Show 1996, 1998 The Drew Carey Show
0%
TV Show 1960 The Jack Benny Program
0%
TV Show 1981 The Krypton Factor
0%
TV Show 1978 The Magical World of Disney
0%
TV Show 1963-1964 The Object Is
0%
TV Show 1973 The Odd Couple
0%
TV Show 1970 The Partridge Family
0%
TV Show 1958 The Patti Page Oldsmobile Show
0%
Film 1970 The Phynx
0%
TV Show 1999 The Simpsons
0%
TV Special 1989 The Songwriter's Hall of Fame 20th Anniversary... The Magic of Music
0%
TV Show 1973 The Sonny and Cher Comedy Hour
0%
TV Show 1958 The Steve Allen Plymouth Show
0%
TV Show 1967, 1968 The Woody Woodbury Show
0%
TV Show 1999 The X-Files
0%
Film 1961 The Young Doctors
0%
TV Show 1998 TV Censored Bloopers 98
0%
TV Show 1982-2004 TV's Bloopers & Practical Jokes
0%
TV Special 1984 TV's Greatest Censored Commercial Bloopers
0%
TV Show 1965-1967 Where the Action Is
0%
Film 1968 Wild in the Streets
0%
No matching quizzes found
Score Distribution
Percent of People with Each Score
Percentile by Number Answered
Your Score History
You have not taken this quiz